Aphrodite, /

Saved in:
Bibliographic Details
Main Author: Louys, Pierre, 1870-1925
Other Authors: Galantiere, Lewis, 1895-1977
Format: Book
Language:English
Published: New York, : The Modern library, [1933].
Series:The Modern library of the world's best books
LEADER 00990nam a22002651 4500
001 c000075331
003 CARM
005 20070516145252.0
008 770121s1933 nyu 00010 eng
019 1 |a 1092710  |z 42755824  |5 LACONCORD2021 
035 |a (OCoLC)1159646  |5 LACONCORD2021 
040 |c IEN  |a VCAV 
041 1 |a engfre 
050 0 0 |a PZ3.L9392  |b Ap 
100 1 |a Louys, Pierre,  |d 1870-1925. 
240 1 0 |a Aphrodite.  |l English 
245 1 0 |a Aphrodite, /  |c by Pierre Louys; translated by Lewis Galantiere. 
260 |a New York, :  |b The Modern library,  |c [1933]. 
300 |a xviii, 264 p. ;  |c 17 cm. 
490 0 |a The Modern library of the world's best books 
500 |a "First Modern library edition." 
700 1 |a Galantiere, Lewis,  |d 1895-1977 
852 8 |b CARM  |h A2:AB23G0  |i A00990  |p 0116199  |f BK 
999 f f |i 3edae170-b074-5ccf-b621-af01afbd2d03  |s f2dda7de-6321-5aa3-a15a-6baa2ed9fe19 
952 f f |p Can circulate  |a CAVAL  |b CAVAL  |c CAVAL  |d CARM 1 Store  |e A00990  |f A2:AB23G0  |h Other scheme  |i book  |m 0116199